| 000 | 00780nam a22002657a 4500 | ||
|---|---|---|---|
| 001 | BR8502563 | ||
| 003 | BR-BrBNA | ||
| 005 | 20230928092156.0 | ||
| 007 | ta | ||
| 008 | 230509b bl.||||| |||| 00| 0 por d | ||
| 040 |
_aBR-BrBNA _bpor _cBiblioteca Nacional de Agricultura |
||
| 041 | _a(Por) | ||
| 072 |
_aF01 _b0710 _b/G696 |
||
| 090 | _ 0710 BR8502563 | ||
| 100 | 1 | _aLessa, A.O. | |
| 110 | 1 |
_aAssociacao de Credito e Assistencia Rural de Santa Catarina, Florianopolis (Brasil). Coordenacao de Horticultura _9436 |
|
| 245 | 1 | _aA cultura da macieira no Japao | |
| 260 | 3 |
_aFlorianopolis, SC (Brasil): _c1985. |
|
| 300 | _a48 p. | ||
| 500 | _a6 tables; 9 illus. | ||
| 650 | _aMACA | ||
| 650 | _aPRODUCAO VEGETAL | ||
| 909 |
_a202309 _bLucia _c55 _dLucia Elande |
||
| 942 | _cBK | ||
| 999 |
_c37526 _d37526 |
||